000 00861nam a22002897a 4500
003 CHAP
005 20220329135931.0
008 971013s1978 r 00010 d
010 _a44294
011 _a45266
035 _a49405
040 _cCHAP
082 _a574.55
_bT3 1978
100 0 0 _aTaylor, Angela E.
_eed.
_9111783
245 _aMethods of cultivating parasites in vitro
260 _aLondon :
_bAcademic Press,
_c1978
300 _a301 p.
590 _aBATCH-UPD
_b10
_c20130110
_lUCH01
_h2057
590 _aBATCH-UPD
_b10
_c20130410
_lUCH01
_h1410
590 _aBATCH-UPD
_b10
_c20130914
_lUCH01
_h0530
590 _aCONVERSION
_b10
_c20130109
_lUCH01
_h1324
650 1 4 _aParasitología.
_985468
700 0 _aBaker, John R.
_99551
901 _aBK
942 _cLIBRO
949 _a574.55 T3 1978
_bBC
_cLIBRO
_d33724000506689
_eLIBRO
_h53510
_i49405
_si
999 _c44294
_d44294